000
00205 a2200097 4500
001
10663
100
_a
Pounds, N J G
245
_a
Geography of Iron & Steel.
260
_a
_b
H U L
_c
090
_c
8264
_d
8264
942
_a
NUST-CAE
_c
M
_c
35005
999
_c
245736
_d
245736